Datum a čas kvízu
32.5
Celkem bodů
Celkový počet nahraných bodů na tomto kvízu bez doplňovacích otázek.
2.
Pořadí na kvízu
Konečné umístění týmu na tomto kvízu.
Zaznamenané odpovědi
| # | Otázka | Odpověď | Body | Výsledky |
|---|---|---|---|---|
| 1. | Ženevský odvolací soud potvrdi... | Sabina Slonková, Jiří Kubík | 0 | |
| 2. | Bývalý předseda vlády jedné ev... | Rakousko, Sebastian Kurz | 0 | |
| 3. | V úterý jsme se dozvěděli, že... | Blade Runner | 1 | |
| 4. | Španělská policie zatkla na ji... | s viagrou (lékem na potenci) | 1 | |
| 5. | Jeden teprve osmnáctiletý česk... | Jakub Menšík, Katar | 1 | |
| 6. | Součástí televizního programu... | Hodina pravdy | 1 | |
| 7. | Milovníkům AZ-kvízu či zábavný... | pěstební dělnice | 0 | |
| 8. | Napište název televizní soutěž... | Kufr | 1 | |
| 9. | V dnešní době je velmi populár... | 1D 2B 3A 4C | 1 | |
| 10. | Kdo z uvedených nikdy nemodero... | D | 1 |